ARRUPE JESUIT UNIVERSITY

CORONAVIRUS -STOP THE SPREAD - CLEAN,DISINFECT,COVER

The chamber: (Record no. 130553)

MARC details
000 -LEADER
fixed length control field 00387nam a22001337a 4500
008 - FIXED-LENGTH DATA ELEMENTS--GENERAL INFORMATION
fixed length control field 201028b ||||| |||| 00| 0 eng d
020 ## - INTERNATIONAL STANDARD BOOK NUMBER
International Standard Book Number 9780091877354
050 ## - LIBRARY OF CONGRESS CALL NUMBER
Classification number P24.9869 C45
100 ## - MAIN ENTRY--PERSONAL NAME
Personal name Grisham, John
9 (RLIN) 50017
245 ## - TITLE STATEMENT
Title The chamber:
Remainder of title the rainmaker
Statement of responsibility, etc / by John Grisham
260 ## - PUBLICATION, DISTRIBUTION, ETC. (IMPRINT)
Place of publication, distribution, etc London:
Name of publisher, distributor, etc Cresset Editions,
Date of publication, distribution, etc 1998.
300 ## - PHYSICAL DESCRIPTION
Extent vi, 434p. ;
Dimensions 18cm.
942 ## - ADDED ENTRY ELEMENTS (KOHA)
Source of classification or shelving scheme Library of Congress Classification
Item type Monograph ( Printed materials)
Holdings
Withdrawn status Lost status Source of classification or shelving scheme Damaged status Not for loan Collection code Home library Current library Shelving location Date acquired Total Checkouts Full call number Barcode Date last seen Price effective from Koha item type
    Library of Congress Classification     Main Collection ARRUPE LIBRARY ARRUPE LIBRARY Main Collection 28/10/2020   P24.9869 C45 46600008150 28/10/2020 28/10/2020 Monograph ( Printed materials)

 

Arrupe Library. PO Box MP320 Mt Pleasant, Harare, Zimbabwe
263 242 745411|librarian@aju.ac.zw